000 00468nam a2200157 4500
001 140601
003 ES-MaACL
005 20230906200118.0
007 t|
008 070214s1913 fr r ||||1| fre d
100 1 _aSeillière, Ernest.
_9105268
245 1 0 _aMysticisme et domination
_b: essais de critique impérialiste /
_cpar Ernest Seillière.
260 _aParis :
_bPlon-Nourrit,
_c1913.
300 _aVI, 285 p. ;
_c19 x 12 cm.
852 _aES-MaACL
_jF-11670
999 _c140601
_d140601